Months of the year in Spanish - Statistics

General Stats
  • This quiz has been taken 449 times
  • The average score is 11 of 12
Answer Stats
Hint Answer % Correct
July Julio
95%
May Mayo
94%
April Abril
93%
June Junio
90%
January Enero
89%
March Marzo
89%
November Noviembre
89%
September Septiembre
89%
February Febrero
87%
October Octubre
83%
August Agosto
79%
December Diciembre
74%
No matching quizzes found
Score Distribution
Percent of People with Each Score
Percentile by Number Answered
Your Score History
You have not taken this quiz